Cesión de terrenos de la antigua Casa de Caridad al Ayuntamiento de Barcelona
Publicado:
San Jorge, núm. 90 - 91 (2n i 3r trimestre 1973), pàg 77 :
MARC
| LEADER | 00000nam a2200000Ia 4500 | ||
|---|---|---|---|
| 001 | |||
| 008 | 160829s9999 xx 000 0 cat d | ||
| 245 | |a Cesión de terrenos de la antigua Casa de Caridad al Ayuntamiento de Barcelona | ||
| 260 | |a San Jorge, núm. 90 - 91 (2n i 3r trimestre 1973), pàg 77 | ||
| 610 | 1 | 0 | |a Barcelona (Catalunya). |b Ajuntament |9 50981 |
| 610 | 0 | |a Casa de Caritat (Barcelona, Catalunya) |9 52406 | |
| 650 | |a Cessió de béns |9 41989 | ||
| 901 | |a Arxiu | ||
| 942 | |n 1 | ||
| 952 | |0 0 |1 0 |4 0 |7 1 |9 50593 |a Arxiu |b Arxiu |d 2016-12-01 |l 0 |r 2016-12-01 00:00:00 |w 2016-12-01 |y ARXIU | ||
| 999 | |c 54435 |d 54435 | ||